[Event "FRA Team Ch"]
[Site "SAUTRON"]
[Date "2002.??.??"]
[Round "5.5"]
[White "Hamdouchi, Hichem"]
[Black "Miralles, Gilles"]
[Result "1-0"]
[WhiteElo "2522"]
[BlackElo "2467"]
[PlyCount "95"]
[EventDate "2002.03.??"]
[WhiteTeam "Montpellier"]
[BlackTeam "Monaco"]

1. e4 e5 2. Nf3 Nc6 3. Bc4 Nf6 4. d3 Be7 5. O-O O-O 6. h3 d6 7. a3 a5 8. c3 Nb8
9. Re1 c6 10. Ba2 Nbd7 11. d4 b6 12. Nbd2 Bb7 13. Nf1 exd4 14. Nxd4 Nc5 15. Ng3
d5 16. exd5 Nxd5 17. Ndf5 Bf6 18. Nh5 Bc8 19. Qf3 Bxf5 20. Qxf5 g6 21. Qg4 Bh8
22. Bg5 Qc8 23. Qg3 Nd7 24. Rad1 N7f6 25. Nxf6+ Nxf6 26. Re7 Qf5 27. Bh6 Bg7
28. Bxg7 Kxg7 29. Qc7 Rae8 30. Rxe8 Rxe8 31. Bxf7 Qe5 32. Qxe5 Rxe5 33. Bc4 b5
34. Bf1 b4 35. cxb4 axb4 36. a4 Kf7 37. f4 Rc5 38. b3 Rc2 39. Bc4+ Ke7 40. Re1+
Kd7 41. Re5 Ne8 42. Be6+ Kd8 43. g4 Rb2 44. f5 gxf5 45. gxf5 Ke7 46. Bc4+ Kf8
47. Re6 Ng7 48. Rxc6 1-0

[Event "FRA Team Ch"]
[Site "SAUTRON"]
[Date "2002.03.??"]
[Round "5.6"]
[White "Kosten, Anthony C"]
[Black "Santo-Roman, Marc"]
[Result "1-0"]
[WhiteElo "2533"]
[BlackElo "2413"]
[PlyCount "67"]
[EventDate "2002.03.??"]
[WhiteTeam "Monaco"]
[BlackTeam "Montpellier"]

1. c4 f5 2. Nc3 Nf6 3. g3 g6 4. Bg2 Bg7 5. d3 O-O 6. e4 fxe4 7. dxe4 e5 8. Nge2
d6 9. O-O Be6 10. b3 c5 11. a3 Nc6 12. g4 Nd4 13. Ng3 Nd7 14. Nd5 Nb6 15. Be3
Nxd5 16. exd5 Bd7 17. Rc1 Qc7 18. Be4 Rf7 19. Kg2 Raf8 20. f3 b5 21. Bg5 bxc4
22. bxc4 Qa5 23. Qd2 Qa4 24. h4 Qxa3 25. Rc3 Qa5 26. h5 gxh5 27. Nxh5 h6 28.
Bxh6 Ne2 29. Bxg7 Rxg7 30. Nxg7 Qxc3 31. Qg5 Nf4+ 32. Kg3 Ne2+ 33. Kf2 Qd4+ 34.
Kxe2 1-0

[Event "FRA Team Ch"]
[Site "SAUTRON"]
[Date "2002.??.??"]
[Round "5.7"]
[White "Boudre, Jean-Pierre"]
[Black "Efimov, Igor"]
[Result "0-1"]
[WhiteElo "2384"]
[BlackElo "2444"]
[PlyCount "82"]
[EventDate "2002.03.??"]
[WhiteTeam "Montpellier"]
[BlackTeam "Monaco"]

1. e4 c6 2. d4 d5 3. exd5 cxd5 4. c4 Nf6 5. Nc3 e6 6. Nf3 Bb4 7. cxd5 Nxd5 8.
Bd2 Nc6 9. Bd3 Be7 10. O-O O-O 11. Nxd5 Qxd5 12. Bc3 Rd8 13. Qc2 Qh5 14. Rfe1
Bd7 15. Rad1 Rac8 16. a3 Be8 17. Qb3 Rc7 18. Be4 Na5 19. Qc2 Nc4 20. Bb4 Bxb4
21. axb4 Rdc8 22. Qb3 Nd6 23. h3 Nxe4 24. Rxe4 Bc6 25. Re3 Qb5 26. Ne5 Bd5 27.
Qa3 Rc1 28. Ree1 Rxd1 29. Rxd1 Qe2 30. Ra1 Qe4 31. Nf3 a6 32. Qe3 f6 33. Rc1
Rxc1+ 34. Qxc1 h6 35. Qc3 Qe2 36. Ne1 Bc4 37. f3 h5 38. Nc2 Kh7 39. Kh2 Bd5 40.
Ne3 Bxf3 41. Kg1 Be4 0-1

[Event "FRA Team Ch"]
[Site "SAUTRON"]
[Date "2002.03.??"]
[Round "5.8"]
[White "Marciano, David"]
[Black "Sarthou, Gaetan"]
[Result "1/2-1/2"]
[WhiteElo "2505"]
[BlackElo "2369"]
[PlyCount "118"]
[EventDate "2002.03.??"]
[WhiteTeam "Monaco"]
[BlackTeam "Montpellier"]

1. e4 c5 2. Nf3 Nc6 3. c3 Nf6 4. e5 Nd5 5. d4 cxd4 6. Bc4 Nb6 7. Bb3 d5 8. exd6
Qxd6 9. O-O e6 10. cxd4 Be7 11. Nc3 O-O 12. Nb5 Qd8 13. Bf4 Nd5 14. Bg3 Qa5 15.
Qe2 a6 16. Nd6 Qd8 17. Nc4 b5 18. Nce5 Bb7 19. Nxc6 Bxc6 20. Ne5 Rc8 21. Nxc6
Rxc6 22. a4 bxa4 23. Bxa4 Rb6 24. Rac1 Bd6 25. Rc4 Bxg3 26. hxg3 Rd6 27. b3 Nb6
28. Rc5 Nxa4 29. bxa4 Qb6 30. Rfc1 Rxd4 31. a5 Qd6 32. Rc6 Qa3 33. Qxa6 Rd5 34.
Rc8 g6 35. Rxf8+ Kxf8 36. Qc8+ Kg7 37. a6 Ra5 38. Qc3+ Qxc3 39. Rxc3 Rxa6 40.
g4 Ra5 41. Rc7 h5 42. gxh5 Rxh5 43. g3 Ra5 44. Kg2 g5 45. g4 Ra4 46. f3 Ra6 47.
Rc2 Kg6 48. Kg3 Ra3 49. Kg2 Kf6 50. Re2 Rd3 51. Kf2 e5 52. Ra2 Ke6 53. Ra6+ Rd6
54. Ra5 f6 55. Ke3 Rb6 56. Ke4 Rb4+ 57. Ke3 Rb6 58. Ke4 Rc6 59. Ra4 Rb6 1/2-1/2

[Event "FRA Team Ch"]
[Site "SAUTRON"]
[Date "2002.03.??"]
[Round "5.9"]
[White "Flear, Christine"]
[Black "Lallemand, Roza"]
[Result "1/2-1/2"]
[WhiteElo "2164"]
[BlackElo "2291"]
[PlyCount "63"]
[EventDate "2002.03.??"]
[WhiteTeam "Montpellier"]
[BlackTeam "Monaco"]

1. d4 Nf6 2. c4 g6 3. Nc3 Bg7 4. e4 d6 5. f4 O-O 6. Nf3 Na6 7. Be2 e5 8. fxe5
dxe5 9. Nxe5 c5 10. Be3 cxd4 11. Bxd4 Nc7 12. Bc5 Ne6 13. Bxf8 Qxf8 14. Nd3 b6
15. O-O Ba6 16. Qa4 Bb7 17. Bf3 Nd4 18. Nd5 Nxd5 19. cxd5 f5 20. exf5 Qxf5 21.
Nb4 Qf4 22. Rae1 Be5 23. Rxe5 Qxe5 24. Qd7 Nxf3+ 25. gxf3 Qd4+ 26. Kh1 Qxb4 27.
Qxb7 Rf8 28. b3 Qb5 29. Rf2 Qc5 30. Rf1 Qb5 31. Rf2 Qc5 32. Rf1 1/2-1/2

[Event "FRA Team Ch"]
[Site "SAUTRON"]
[Date "2002.??.??"]
[Round "5.1"]
[White "Magem Badals, Jordi"]
[Black "Gurevich, Mikhail"]
[Result "1/2-1/2"]
[WhiteElo "2502"]
[BlackElo "2641"]
[PlyCount "53"]
[EventDate "2002.03.??"]
[WhiteTeam "Orange"]
[BlackTeam "Gonfreville"]

1. e4 e6 2. d4 d5 3. Nc3 Nf6 4. Bg5 dxe4 5. Nxe4 Nbd7 6. Nxf6+ Nxf6 7. Nf3 h6
8. Bxf6 Qxf6 9. Bb5+ c6 10. Bd3 Bd7 11. Qe2 c5 12. O-O-O O-O-O 13. Be4 Kb8 14.
Ne5 Bd6 15. Nxd7+ Rxd7 16. dxc5 Qg5+ 17. Kb1 Qxc5 18. Rd3 Rhd8 19. Rhd1 Qb5 20.
g3 Be5 21. c4 Qa4 22. Rxd7 Rxd7 23. Bc2 Rxd1+ 24. Bxd1 Qa5 25. a3 Bd4 26. Ka2
Qb6 27. f3 1/2-1/2

[Event "FRA Team Ch"]
[Site "SAUTRON"]
[Date "2002.03.??"]
[Round "5.2"]
[White "Bologan, Viktor"]
[Black "De La Riva Aguado, Oscar"]
[Result "1/2-1/2"]
[WhiteElo "2651"]
[BlackElo "2495"]
[PlyCount "107"]
[EventDate "2002.03.??"]
[WhiteTeam "Gonfreville"]
[BlackTeam "Orange"]

1. e4 c5 2. Nf3 e6 3. d3 Nc6 4. c3 d5 5. Qe2 Nge7 6. g3 g6 7. Bg2 Bg7 8. O-O
O-O 9. e5 f6 10. exf6 Rxf6 11. Be3 b6 12. Nbd2 a5 13. Rfe1 h6 14. Bf4 g5 15.
Be5 Nxe5 16. Nxe5 Rf5 17. Ndf3 Qd6 18. Rad1 h5 19. h3 Bf6 20. Qe3 Bb7 21. g4
Rf4 22. gxh5 d4 23. cxd4 cxd4 24. Qe2 b5 25. Ng4 Rf8 26. Nh4 Bc8 27. Ng6 Nxg6
28. hxg6 Kg7 29. Rc1 Bd7 30. Be4 Bd8 31. f3 Rh8 32. Qg2 Rff8 33. Qh2 Rf4 34.
Rc2 Bc7 35. Qg2 Bb8 36. Rec1 Rff8 37. Bc6 Rc8 38. Bxd7 Qxd7 39. Rxc8 Rxc8 40.
Rxc8 Qxc8 41. Qf2 Qc5 42. Qe1 Qf5 43. Kg2 Kxg6 44. h4 gxh4 45. Qxh4 Qf4 46. Qe1
Kf7 47. b3 Bd6 48. a4 bxa4 49. bxa4 Ke7 50. Qe4 Kd7 51. Qb7+ Bc7 52. Nf2 Qg5+
53. Kf1 Qc1+ 54. Kg2 1/2-1/2

[Event "FRA Team Ch"]
[Site "SAUTRON"]
[Date "2002.??.??"]
[Round "5.3"]
[White "Mellado Trivino, Juan"]
[Black "Rausis, Igors"]
[Result "0-1"]
[WhiteElo "2447"]
[BlackElo "2466"]
[PlyCount "64"]
[EventDate "2002.03.??"]
[WhiteTeam "Orange"]
[BlackTeam "Gonfreville"]

1. e4 c6 2. d4 d5 3. Nc3 dxe4 4. Nxe4 Bf5 5. Qf3 e6 6. Ne2 Be7 7. c3 Nd7 8.
N2g3 Bg6 9. h4 Ngf6 10. Nxf6+ Nxf6 11. h5 Bc2 12. h6 g6 13. Bc4 O-O 14. Qe2 Bf5
15. Bg5 b5 16. Bb3 a5 17. a3 Ra7 18. O-O a4 19. Ba2 Ng4 20. Bxe7 Qxe7 21. f3
Nxh6 22. Rae1 Qd6 23. Ne4 Bxe4 24. fxe4 e5 25. Qe3 Ng4 26. Qg5 h5 27. dxe5 Qxe5
28. Qxe5 Nxe5 29. Rd1 Re8 30. Rd6 Ree7 31. Kf2 Red7 32. Rfd1 Kf8 0-1

[Event "FRA Team Ch"]
[Site "SAUTRON"]
[Date "2002.??.??"]
[Round "5.4"]
[White "Beikert, Guenther"]
[Black "Lepelletier, Benoit"]
[Result "1-0"]
[WhiteElo "2438"]
[BlackElo "2447"]
[PlyCount "67"]
[EventDate "2002.03.??"]
[WhiteTeam "Gonfreville"]
[BlackTeam "Orange"]

1. e4 c5 2. Nf3 e6 3. d4 cxd4 4. Nxd4 Nf6 5. Nc3 d6 6. g4 Nc6 7. g5 Nd7 8. Be3
Be7 9. Rg1 Nb6 10. Qh5 Ne5 11. O-O-O g6 12. Qe2 O-O 13. Kb1 Bd7 14. Rg3 Qb8 15.
h4 Nbc4 16. f4 Nxe3 17. Rxe3 Nc6 18. Nxc6 bxc6 19. e5 d5 20. h5 Qb4 21. Ne4
dxe4 22. Rxd7 Rab8 23. Rb3 Qc5 24. Qxe4 Rbd8 25. Rbd3 Rxd7 26. Rxd7 Rb8 27. b3
Bf8 28. hxg6 hxg6 29. Bc4 Qg1+ 30. Kb2 Ba3+ 31. Kxa3 Qc1+ 32. Ka4 Qb2 33. a3 a5
34. Qxc6 1-0

[Event "FRA Team Ch"]
[Site "SAUTRON"]
[Date "2002.??.??"]
[Round "5.5"]
[White "Guadalpi, David"]
[Black "Vallin, Guillaume"]
[Result "1/2-1/2"]
[WhiteElo "2315"]
[BlackElo "2356"]
[PlyCount "46"]
[EventDate "2002.03.??"]
[WhiteTeam "Orange"]
[BlackTeam "Gonfreville"]

1. e4 e6 2. d4 d5 3. Nc3 Nf6 4. Bg5 Bb4 5. e5 h6 6. Be3 Ne4 7. Qg4 Kf8 8. a3
Bxc3+ 9. bxc3 Nxc3 10. Bd3 c5 11. dxc5 Nc6 12. Nf3 f5 13. exf6 Qxf6 14. Qh5 e5
15. Bg6 Kg8 16. O-O Be6 17. Nh4 Rf8 18. Rae1 d4 19. Bd2 Bc4 20. Bd3 Bf7 21. Bg6
Bc4 22. Bd3 Bf7 23. Bg6 Bc4 1/2-1/2

[Event "FRA Team Ch"]
[Site "SAUTRON"]
[Date "2002.??.??"]
[Round "5.6"]
[White "Eliet, Nicolas"]
[Black "Guidarelli, Laurent"]
[Result "1/2-1/2"]
[WhiteElo "2401"]
[BlackElo "2283"]
[PlyCount "59"]
[EventDate "2002.03.??"]
[WhiteTeam "Gonfreville"]
[BlackTeam "Orange"]

1. d4 g6 2. e4 c6 3. c4 d5 4. exd5 cxd5 5. Nc3 Nf6 6. Qb3 Bg7 7. cxd5 O-O 8. g3
Nbd7 9. Bg2 Nb6 10. Nge2 h6 11. a4 a5 12. Bf4 Bf5 13. Rd1 Rc8 14. Qb5 Bd7 15.
Qxa5 Nxa4 16. Qb4 Nxc3 17. Nxc3 Bg4 18. Ra1 Rxc3 19. bxc3 Nxd5 20. Qa3 Nxf4 21.
gxf4 e5 22. h3 Bh5 23. fxe5 Bxe5 24. O-O Bd6 25. Qa5 Qh4 26. Rfe1 Qf4 27. Qb5
Bf3 28. Bxf3 Qxf3 29. Qd7 Bh2+ 30. Kxh2 1/2-1/2

[Event "FRA Team Ch"]
[Site "SAUTRON"]
[Date "2002.03.??"]
[Round "5.7"]
[White "Kovarcik, Thomas"]
[Black "Gouret, Thierry"]
[Result "1/2-1/2"]
[WhiteElo "2243"]
[BlackElo "2270"]
[PlyCount "84"]
[EventDate "2002.03.??"]
[WhiteTeam "Orange"]
[BlackTeam "Gonfreville"]

1. e4 c5 2. Nc3 e5 3. Bc4 d6 4. d3 Nc6 5. a4 Be6 6. Nge2 Nf6 7. Bg5 Be7 8. Bxf6
Bxf6 9. Nd5 O-O 10. O-O g6 11. Nxf6+ Qxf6 12. a5 Rad8 13. Nc3 Nb4 14. Nd5 Nxd5
15. Bxd5 Bxd5 16. exd5 Qg5 17. Ra4 f5 18. b4 Rc8 19. c4 Qd8 20. Qb3 Rf7 21. Rb1
Re7 22. Re1 Qc7 23. Ra2 Rce8 24. Rae2 Kg7 25. Qc3 Kg8 26. f3 Kf7 27. Qa3 b6 28.
axb6 axb6 29. b5 g5 30. Qc3 Ra8 31. Ra1 Qb8 32. Rea2 Rea7 33. Ra3 Rxa3 34. Rxa3
Rxa3 35. Qxa3 Kf6 36. Kf2 h5 37. Qa1 h4 38. h3 Kg6 39. Ke3 Kh5 40. Qa2 Kg6 41.
Qa1 Kh5 42. Qa2 Kg6 1/2-1/2

[Event "FRA Team Ch"]
[Site "SAUTRON"]
[Date "2002.??.??"]
[Round "5.8"]
[White "Gervais, Claire"]
[Black "Gachon, Lionel"]
[Result "0-1"]
[WhiteElo "2169"]
[BlackElo "2239"]
[PlyCount "104"]
[EventDate "2002.03.??"]
[WhiteTeam "Gonfreville"]
[BlackTeam "Orange"]

1. d4 d6 2. c4 e5 3. d5 f5 4. Nc3 Nf6 5. Bg5 Be7 6. h4 O-O 7. g3 Ng4 8. Nh3 Na6
9. Bg2 e4 10. Qd4 Bf6 11. Bxf6 Qxf6 12. Qxf6 Rxf6 13. Nd1 Bd7 14. Rc1 Re8 15.
O-O Rff8 16. Rc3 Nc5 17. Ra3 Ra8 18. Ne3 Nxe3 19. Rxe3 a5 20. f3 exf3 21. exf3
Rae8 22. Rfe1 Nd3 23. Rxe8 Rxe8 24. Rb1 Re3 25. b3 Nb4 26. Rb2 Re1+ 27. Bf1 b5
28. Kf2 Ra1 29. cxb5 Rxa2 30. Rxa2 Nxa2 31. Nf4 Kf7 32. Ke3 Nc3 33. Kd4 Nxb5+
34. Bxb5 Bxb5 35. Ne6 c5+ 36. Kc3 Bd7 37. Nd8+ Ke7 38. Nb7 a4 39. b4 cxb4+ 40.
Kxb4 Be8 41. Na5 Bh5 42. f4 Bf3 43. Nc6+ Kf6 44. Kxa4 Bxd5 45. Nd4 Be4 46. Kb4
Kg6 47. Ne6 Kh5 48. Nxg7+ Kg4 49. Ne8 Kxg3 50. Nf6 Kxh4 51. Nxh7 Kg4 52. Ng5
Kxf4 0-1

[Event "FRA Team Ch"]
[Site "SAUTRON"]
[Date "2002.??.??"]
[Round "5.9"]
[White "Dacalor, Aurelie"]
[Black "Theon, Pierre"]
[Result "0-1"]
[WhiteElo "2137"]
[BlackElo "2214"]
[PlyCount "68"]
[EventDate "2002.03.??"]
[WhiteTeam "Orange"]
[BlackTeam "Gonfreville"]

1. d4 d6 2. c4 e5 3. dxe5 dxe5 4. Qxd8+ Kxd8 5. Nc3 Be6 6. b3 c6 7. Bb2 Nd7 8.
Nf3 f6 9. O-O-O Kc7 10. h3 Nh6 11. g4 Nf7 12. Nd2 h5 13. Rg1 hxg4 14. hxg4 Rh4
15. f3 Bc5 16. Rg2 Ng5 17. Re1 Be3 18. Nd1 Bxd2+ 19. Kxd2 a5 20. Nc3 Bf7 21.
Ba3 a4 22. Bb2 axb3 23. axb3 Nc5 24. Kc2 Bg6+ 25. Kd2 Nxb3+ 26. Ke3 Na5 27. Kf2
Nxc4 28. Bc1 Nf7 29. e3 Nfd6 30. Bxc4 Nxc4 31. Kg3 Rah8 32. f4 b5 33. f5 Bf7
34. Ne4 Bd5 0-1

[Event "FRA Team Ch"]
[Site "SAUTRON"]
[Date "2002.??.??"]
[Round "5.1"]
[White "Bricard, Emmanuel"]
[Black "Moreno Carnero, Javier"]
[Result "1/2-1/2"]
[WhiteElo "2443"]
[BlackElo "2503"]
[PlyCount "67"]
[EventDate "2002.03.??"]
[WhiteTeam "Toulouse"]
[BlackTeam "Noyon"]

1. e4 e6 2. d3 c5 3. g3 Nc6 4. Bg2 g6 5. f4 Bg7 6. Nf3 Nge7 7. O-O O-O 8. c3 b6
9. Be3 Ba6 10. Na3 d5 11. e5 f6 12. exf6 Bxf6 13. Bf2 Qd6 14. Re1 Rae8 15. d4
cxd4 16. Nxd4 Nxd4 17. Bxd4 Bxd4+ 18. Qxd4 Nf5 19. Qd2 g5 20. fxg5 Qc5+ 21. Kh1
Nd6 22. b4 Qf2 23. Qe3 Ne4 24. c4 Qxe3 25. Rxe3 Rf2 26. Kg1 Rb2 27. Nb5 Bxb5
28. cxb5 Rc8 29. Bxe4 dxe4 30. Rxe4 Rcc2 31. h4 Rg2+ 32. Kh1 Rh2+ 33. Kg1 Rhg2+
34. Kh1 1/2-1/2

[Event "FRA Team Ch"]
[Site "SAUTRON"]
[Date "2002.??.??"]
[Round "5.2"]
[White "Karr, Jean-Philippe"]
[Black "Arizmendi Martinez, Julen Luis"]
[Result "1/2-1/2"]
[WhiteElo "2497"]
[BlackElo "2402"]
[PlyCount "125"]
[EventDate "2002.03.??"]
[WhiteTeam "Noyon"]
[BlackTeam "Toulouse"]

1. d4 Nf6 2. c4 g6 3. Nc3 Bg7 4. e4 d6 5. Nf3 O-O 6. Be2 Na6 7. O-O e5 8. d5
Nc5 9. Nd2 a5 10. Rb1 Bd7 11. b3 Ne8 12. a3 f5 13. b4 axb4 14. axb4 Na4 15. Qc2
Nxc3 16. Qxc3 Nf6 17. Bb2 fxe4 18. Ra1 Rb8 19. Rfd1 b5 20. cxb5 Bxb5 21. Bxb5
Rxb5 22. Ra5 Qb8 23. Ba3 Rxa5 24. bxa5 Qa7 25. h3 Qxf2+ 26. Kxf2 Nxd5+ 27. Qf3
exf3 28. gxf3 Nc3 29. Re1 Ra8 30. Nc4 d5 31. Nxe5 Rxa5 32. Bb4 Ra2+ 33. Kf1 Ne2
34. Nc6 Ng3+ 35. Kg1 Ne2+ 36. Kf1 Ng3+ 37. Kg1 Rc2 38. Re8+ Kf7 39. Re7+ Kg8
40. Re8+ Kf7 41. Re7+ Kf6 42. Rxc7 Nf5 43. Be7+ Nxe7 44. Nxe7 Rxc7 45. Nxd5+
Ke5 46. Nxc7 Bf8 47. Kg2 Bb4 48. Nb5 Kd5 49. Nc7+ Kd6 50. Nb5+ Ke5 51. Nc7 Ba3
52. Kg3 Bb2 53. Na6 Ba3 54. Nc7 Bd6 55. Nb5 Bb4 56. Kg4 Bd2 57. Na3 h5+ 58. Kg3
Bf4+ 59. Kf2 Kd4 60. Nc2+ Kd5 61. Ne1 Ke5 62. Nd3+ Kf5 63. Nc5 1/2-1/2

[Event "FRA Team Ch"]
[Site "SAUTRON"]
[Date "2002.03.??"]
[Round "5.3"]
[White "Oms Pallise, Josep"]
[Black "Tirard, Hugo"]
[Result "1-0"]
[WhiteElo "2424"]
[BlackElo "2401"]
[PlyCount "79"]
[EventDate "2002.03.??"]
[WhiteTeam "Toulouse"]
[BlackTeam "Noyon"]

1. d4 Nf6 2. c4 c5 3. d5 b5 4. cxb5 a6 5. bxa6 Bxa6 6. Nc3 g6 7. e4 Bxf1 8.
Kxf1 d6 9. g3 Bg7 10. Kg2 O-O 11. Nge2 Nbd7 12. Qc2 Qb6 13. Rd1 Rfb8 14. Rb1
Ne8 15. b3 Nc7 16. a4 Qa6 17. h3 Rb6 18. Be3 Qb7 19. Na2 f5 20. b4 fxe4 21.
bxc5 Rxb1 22. Rxb1 Qxd5 23. cxd6 Qxd6 24. Nac3 Qc6 25. Qb3+ Ne6 26. Nf4 Ndf8
27. Nfd5 Kh8 28. Nb5 Rd8 29. Nb4 Qb7 30. Rd1 Rxd1 31. Qxd1 Nd7 32. Qd5 Nec5 33.
Qxb7 Nxb7 34. Nc6 Ndc5 35. a5 Na6 36. Bb6 e6 37. Nc7 Nbc5 38. Nb8 Nxc7 39. Bxc7
Bd4 40. a6 1-0

[Event "FRA Team Ch"]
[Site "SAUTRON"]
[Date "2002.??.??"]
[Round "5.4"]
[White "Marcelin, Cyril"]
[Black "Boyd, Stephen"]
[Result "1-0"]
[WhiteElo "2455"]
[BlackElo "2362"]
[PlyCount "87"]
[EventDate "2002.03.??"]
[WhiteTeam "Noyon"]
[BlackTeam "Toulouse"]

1. e4 e5 2. Nf3 Nc6 3. Bc4 Bc5 4. c3 Nf6 5. d3 d6 6. O-O Bg4 7. Nbd2 O-O 8. Bb3
Qe7 9. Re1 Nd8 10. h3 Bh5 11. Nf1 Ne6 12. Ng3 Bg6 13. Nh2 Bb6 14. Qf3 Nd7 15.
Nf5 Bxf5 16. exf5 Nec5 17. Bc4 Qh4 18. g3 Qxh3 19. d4 e4 20. Rxe4 Nxe4 21. Bf1
Qxf1+ 22. Kxf1 d5 23. Be3 Rfe8 24. Kg2 c6 25. Rh1 Bd8 26. Qh5 Nf8 27. Nf3 Bc7
28. Ng5 Nxg5 29. Qxg5 f6 30. Qh5 Re4 31. Rh4 Rae8 32. Rxe4 Rxe4 33. Qd1 Nd7 34.
c4 Nb6 35. b3 Kf8 36. Qc2 Re7 37. a4 a6 38. a5 Nc8 39. cxd5 cxd5 40. Qc5 Nd6
41. Qxd5 Nf7 42. Qxb7 Bxg3 43. Qxa6 Bd6 44. Qb5 1-0

[Event "FRA Team Ch"]
[Site "SAUTRON"]
[Date "2002.??.??"]
[Round "5.5"]
[White "Van Elst, Andreas"]
[Black "Glavina, Pablo"]
[Result "0-1"]
[WhiteElo "2298"]
[BlackElo "2417"]
[PlyCount "48"]
[EventDate "2002.03.??"]
[WhiteTeam "Toulouse"]
[BlackTeam "Noyon"]

1. d4 Nf6 2. c4 c5 3. e3 e6 4. Nc3 d5 5. Nf3 a6 6. cxd5 exd5 7. dxc5 Bxc5 8.
Be2 Nc6 9. O-O O-O 10. b3 Ba7 11. Bb2 Qd6 12. Rc1 Rd8 13. Qd3 Bg4 14. Rfd1 Rac8
15. Qb1 Qe7 16. Qa1 d4 17. Nxd4 Nxd4 18. Bxg4 Nxg4 19. exd4 Qh4 20. Ne4 Qxh2+
21. Kf1 Qh1+ 22. Ke2 Qxg2 23. Qb1 f5 24. Rg1 Rxc1 0-1

[Event "FRA Team Ch"]
[Site "SAUTRON"]
[Date "2002.??.??"]
[Round "5.6"]
[White "Bernard, Jacques"]
[Black "Vilaisarn, Akkhavanh"]
[Result "0-1"]
[WhiteElo "2235"]
[BlackElo "2170"]
[PlyCount "94"]
[EventDate "2002.03.??"]
[WhiteTeam "Noyon"]
[BlackTeam "Toulouse"]

1. e4 e6 2. d4 d5 3. Nc3 Nf6 4. Bg5 Be7 5. e5 Nfd7 6. h4 c5 7. Bxe7 Kxe7 8. Qg4
Kf8 9. Nf3 cxd4 10. Qxd4 Qb6 11. Qxb6 Nxb6 12. O-O-O Nc6 13. Nb5 f6 14. Re1 Ke7
15. g3 a6 16. Nbd4 Rf8 17. Bh3 fxe5 18. Nxc6+ bxc6 19. Nxe5 Rxf2 20. Nxc6+ Kd6
21. Nb4 Rf6 22. Rhf1 Bd7 23. b3 a5 24. Nd3 e5 25. Bg2 Re8 26. Kd2 Bb5 27. Rf2
Bxd3 28. Rxf6+ gxf6 29. cxd3 Rg8 30. Re3 d4 31. Rf3 Ke7 32. Bh3 Nd5 33. Bf5 h6
34. Kc2 Ne3+ 35. Kb2 Nxf5 36. Rxf5 Rxg3 37. Kc2 Rg2+ 38. Kb1 Ke6 39. Rf3 f5 40.
a3 e4 41. dxe4 fxe4 42. Rf8 e3 43. Kc1 Kd5 44. Re8 Rh2 45. Ra8 Ke4 46. Rxa5 d3
47. Ra4+ Kf3 0-1

[Event "FRA Team Ch"]
[Site "SAUTRON"]
[Date "2002.??.??"]
[Round "5.7"]
[White "Dimitrov, Christo"]
[Black "Peyrat, Olivier"]
[Result "1/2-1/2"]
[WhiteElo "2212"]
[BlackElo "2308"]
[PlyCount "96"]
[EventDate "2002.03.??"]
[WhiteTeam "Toulouse"]
[BlackTeam "Noyon"]

1. d4 e6 2. Nf3 f5 3. g3 Nf6 4. Bg2 d5 5. O-O Bd6 6. c4 c6 7. Nc3 O-O 8. Bf4
Bxf4 9. gxf4 Qe7 10. e3 Bd7 11. Qc2 Be8 12. cxd5 cxd5 13. Ne5 Nc6 14. Nxc6 Bxc6
15. f3 Rac8 16. Rfc1 Kh8 17. Nd1 Rg8 18. Nf2 g5 19. fxg5 Rxg5 20. Nh3 Rg7 21.
Kh1 Rcg8 22. Rg1 Nh5 23. Qf2 Bb5 24. Rac1 h6 25. Bf1 Rxg1+ 26. Nxg1 Bxf1 27.
Rxf1 f4 28. Ne2 Qf6 29. Nxf4 Nxf4 30. exf4 Qxf4 31. Re1 Rg6 32. Qe3 Qxe3 33.
Rxe3 Kg8 34. Ra3 a6 35. Rb3 Rg7 36. Rb6 Re7 37. Kg2 Kf7 38. Kg3 Kf6 39. Kf4 Rg7
40. Rd6 Ke7 41. Rb6 Kf6 42. h4 Rc7 43. b3 Rg7 44. Rd6 Rf7 45. Kg4 Ke7 46. Rb6
Kf6 47. Rd6 Ke7 48. Rb6 Kf6 1/2-1/2

[Event "FRA Team Ch"]
[Site "SAUTRON"]
[Date "2002.03.??"]
[Round "5.8"]
[White "Carton, Camille"]
[Black "Constantin, David"]
[Result "1/2-1/2"]
[WhiteElo "2221"]
[BlackElo "2097"]
[PlyCount "108"]
[EventDate "2002.03.??"]
[WhiteTeam "Noyon"]
[BlackTeam "Toulouse"]

1. e4 c5 2. Nf3 d6 3. d4 cxd4 4. Nxd4 Nf6 5. Nc3 a6 6. Be2 e5 7. Nb3 Be7 8. O-O
Be6 9. a4 O-O 10. Kh1 Qc7 11. f4 Nbd7 12. Be3 exf4 13. Rxf4 Ne5 14. Nd4 Ng6 15.
Rf1 Rfe8 16. Nf5 Bf8 17. Bd4 Ne5 18. Qe1 g6 19. Ne3 Nfd7 20. Qg3 Bg7 21. Rad1
Rac8 22. Nf5 Bxf5 23. exf5 Qc6 24. fxg6 hxg6 25. Qf4 f5 26. Qd2 Nc5 27. b3 d5
28. Bxe5 Bxe5 29. Qxd5+ Qxd5 30. Nxd5 Ne4 31. Bc4 Kg7 32. Nf4 Nd6 33. Bd3 Rh8
34. g3 Rhe8 35. Kg2 Rcd8 36. c4 Bxf4 37. Rxf4 Ne4 38. Rf3 Ng5 39. Rf2 Re3 40.
Bc2 Rxd1 41. Bxd1 Ne4 42. Re2 Rxe2+ 43. Bxe2 Nc5 44. Bd1 a5 45. Kf3 Kf6 46. Ke3
Ke5 47. Bc2 Ne6 48. h4 Nd4 49. Bd1 b6 50. Kd3 Ne6 51. Ke3 Nc5 52. Bc2 Ne6 53.
Bd1 Nd4 54. Kd3 Ne6 1/2-1/2

[Event "FRA Team Ch"]
[Site "SAUTRON"]
[Date "2002.03.??"]
[Round "5.9"]
[White "Mourgues, Joelle"]
[Black "Wolfangel, Florence"]
[Result "0-1"]
[WhiteElo "1770"]
[BlackElo "1960"]
[PlyCount "98"]
[EventDate "2002.03.??"]
[WhiteTeam "Toulouse"]
[BlackTeam "Noyon"]

1. Nf3 Nf6 2. g3 d5 3. Bg2 Bf5 4. d3 e6 5. O-O Be7 6. Nbd2 h6 7. c3 O-O 8. Re1
c5 9. Qb3 Qc7 10. e4 Bh7 11. a4 Nc6 12. Qd1 Rad8 13. Qe2 Rfe8 14. h3 d4 15. c4
Nb4 16. Nb1 Nd7 17. Na3 e5 18. Nb5 Qb8 19. Na3 a6 20. Nc2 Bd6 21. Nxb4 cxb4 22.
Nh4 b5 23. cxb5 axb5 24. b3 Nc5 25. Rb1 bxa4 26. bxa4 Nxa4 27. Qg4 Kh8 28. Nf5
Rg8 29. Bd2 Nc3 30. Rb2 Qb5 31. Bf1 Bc5 32. Kh2 b3 33. Rc1 Ba3 34. Rxc3 dxc3
35. Bxc3 Bxb2 36. Bxb2 Qc5 37. Kg2 Bxf5 38. exf5 Rb8 39. Qe2 f6 40. f4 Qc2 41.
fxe5 Qxe2+ 42. Bxe2 fxe5 43. Kf3 Rgc8 44. Bd1 Rc5 45. Ke4 Ra5 46. Bc3 b2 47.
Bc2 Rc5 48. Bxb2 Rxb2 49. Bd1 Rc1 0-1

[Event "FRA Team Ch"]
[Site "VANDOEUVRE"]
[Date "2002.03.31"]
[Round "6.2"]
[White "Milov, Vadim"]
[Black "Kazhgaleyev, Murtas"]
[Result "1/2-1/2"]
[WhiteElo "2595"]
[BlackElo "2561"]
[PlyCount "61"]
[EventDate "2002.03.??"]
[WhiteTeam "Mulhouse"]
[BlackTeam "Cannes"]

1. d4 Nf6 2. c4 g6 3. Nc3 Bg7 4. e4 d6 5. Bg5 h6 6. Bh4 g5 7. Bg3 c5 8. d5 Qa5
9. Qd2 Nh5 10. Be2 Nxg3 11. hxg3 Nd7 12. Rc1 a6 13. a3 Rb8 14. f4 gxf4 15. gxf4
b5 16. Nf3 Nf6 17. cxb5 axb5 18. e5 Ng4 19. b4 Qxa3 20. bxc5 Qxc5 21. Nd4 O-O
22. Ncxb5 Qxd5 23. Bf3 Rxb5 24. Bxd5 Rxd5 25. Qb4 Bd7 26. Nc6 Bxc6 27. Rxc6
dxe5 28. f5 e4 29. Qxe7 Rb8 30. Rc1 Bc3+ 31. Rxc3 1/2-1/2

[Event "FRA Team Ch"]
[Site "VANDOEUVRE"]
[Date "2002.03.31"]
[Round "6.3"]
[White "Tkachiev, Vladislav"]
[Black "Baklan, Vladimir"]
[Result "1/2-1/2"]
[WhiteElo "2634"]
[BlackElo "2609"]
[PlyCount "38"]
[EventDate "2002.03.??"]
[WhiteTeam "Cannes"]
[BlackTeam "Mulhouse"]

1. d4 Nf6 2. c4 g6 3. g3 Bg7 4. Bg2 O-O 5. Nc3 d6 6. Nf3 c6 7. O-O Bf5 8. Re1
Ne4 9. Qb3 Nxc3 10. bxc3 Bc8 11. h4 c5 12. Be3 Nd7 13. Qa3 Qc7 14. Nd2 a5 15.
Ne4 Nb6 16. Nd2 Nd7 17. Qb3 a4 18. Qa3 Ra7 19. Red1 b6 1/2-1/2

[Event "FRA Team Ch"]
[Site "VANDOEUVRE"]
[Date "2002.??.??"]
[Round "6.4"]
[White "Sokolov, Andrei"]
[Black "Chabanon, Jean-Luc"]
[Result "1/2-1/2"]
[WhiteElo "2614"]
[BlackElo "2483"]
[PlyCount "101"]
[EventDate "2002.03.??"]
[WhiteTeam "Mulhouse"]
[BlackTeam "Cannes"]

1. e4 d5 2. exd5 Qxd5 3. Nc3 Qa5 4. d4 Nf6 5. Nf3 c6 6. Ne5 Be6 7. Bc4 Bxc4 8.
Nxc4 Qa6 9. b3 e6 10. O-O Nbd7 11. Bf4 Nb6 12. Nd6+ Bxd6 13. Bxd6 Qa5 14. Qf3
Rd8 15. Be5 Nbd7 16. Bg3 O-O 17. Rfe1 Rfe8 18. Bh4 Rc8 19. Ne4 Nxe4 20. Rxe4 f5
21. Re2 Qd5 22. Qe3 e5 23. dxe5 Rxe5 24. Qd2 Rce8 25. Qxd5+ cxd5 26. Rxe5 Nxe5
27. f3 Rc8 28. Bg3 Ng6 29. Rc1 d4 30. Kf1 d3 31. c4 b5 32. c5 d2 33. Rd1 Rxc5
34. Rxd2 Rc1+ 35. Ke2 a5 36. Kd3 Kf7 37. Kd4 a4 38. bxa4 bxa4 39. Kd3 h5 40.
Rc2 Rd1+ 41. Kc3 h4 42. Bc7 Ne7 43. Kb4 Rd4+ 44. Ka3 h3 45. gxh3 g5 46. Be5 Rh4
47. Rg2 Nc6 48. Bc3 Rxh3 49. Rg3 Rxh2 50. Rxg5 Ne7 51. Be5 1/2-1/2